000 00577nam a2200193Ia 4500
003 IN-BaIIA
008 211028s9999 xx 000 0 eng d
020 _a81-230-0712-4
040 _cIIA Library
080 _a58
_bIFB-99
110 _aIndian Ministry of Information and Broadcasting
_921927
245 0 _aIndia1999, a reference annual
_cIndian Ministry of Information and Broadcasting
260 _aNew Delhi
_bMinistry of Information and Broadcasting
_c1999
300 _a771p
650 _aannual
_922725
650 _aIndia
650 _ayearbook
_93818
942 _cBK
999 _c12946
_d12946